00350nam a2200121Ia 4500008004100000041001200041082001100053100000600064245007300070260005700143300000700200650002100207221030s9999 xx 000 0 und d aEnglish a105.23 a- 0aLaboratory Manual On Digital Design Using ICS 9 DEPARTMENTAL )cby - bQIP Center, University Of Roorkee, RoorkeeaIndiac0 a34 aECE Departmental